| 000 | 00610nam a22001810 4500 | ||
|---|---|---|---|
| 003 | PILC | ||
| 005 | 20150824093339.0 | ||
| 008 | 001214s1951 eng | ||
| 050 |
_aE 744 _b.K361 1951 |
||
| 100 | 1 | _aKennan, George F. | |
| 245 | 1 | 0 |
_aAmerican diplomacy 1900-1950 / _cGeorge F. Kennan. |
| 260 |
_aChicago : _bUniversity of Chicago Press, _c1951. |
||
| 300 |
_aix, 154 pages ; _c21 cm. |
||
| 650 |
_aSoviet Union _xForeign relations _xUnited States. |
||
| 650 |
_aUnited States _xForeign relations _x20th century. |
||
| 650 |
_aUnited States _xForeign relations _xSoviet Union. |
||
| 942 |
_2lcc _cBK |
||
| 999 |
_c288438 _d288438 |
||